Castielfabib y Ademuz dados como rehenes en la conquista del reino moro de Valencia /
Publicado:
San Jorge, núm. 101 - 102 (setembre 1977), pàg 29 - 32 :
MARC
| LEADER | 00000nam a2200000Ia 4500 | ||
|---|---|---|---|
| 003 | BGR | ||
| 005 | 20260324180104.0 | ||
| 008 | 160829s9999 xx 000 0 cat d | ||
| 100 | |a Marín Adán, Miguel |9 45122 | ||
| 245 | 1 | 0 | |a Castielfabib y Ademuz dados como rehenes en la conquista del reino moro de Valencia / |c por Miguel Marín Adán |
| 260 | |a San Jorge, núm. 101 - 102 (setembre 1977), pàg 29 - 32 | ||
| 600 | 0 | 0 | |a Jaume |b I, |c rei de Catalunya-Aragó, |d 1208-1276 |9 22675 |
| 651 | 0 | |9 70099 |a Castielfabib (València) |x Història | |
| 651 | 0 | |9 70100 |a Ademuz (València) |x Història | |
| 901 | |a Arxiu | ||
| 942 | |n 1 |2 udc |c MON | ||
| 952 | |0 0 |1 0 |4 0 |7 1 |9 52901 |a Arxiu |b Arxiu |d 2016-12-01 |l 0 |r 2016-12-01 00:00:00 |w 2016-12-01 |y ARXIU | ||
| 999 | |c 56750 |d 56750 | ||